| 000 -LEADER |
| fixed length control field |
00646nam a22001337a 4500 |
| 040 ## - CATALOGING SOURCE |
| Transcribing agency |
RUA |
| 082 ## - DEWEY DECIMAL CLASSIFICATION NUMBER |
| Classification number |
AGR OEU 2012 B052 Or.1 |
| 100 ## - MAIN ENTRY--AUTHOR NAME |
| Personal name |
OEURN SAMOUL |
| 245 ## - TITLE STATEMENT |
| Title |
Pythhium management by using garli in greenhouse condition on tomata,(ការគ្រប់គ្រងជំងឹភីស្យូម លើដំណាំប៉េងប៉ោះដោយប្រើខ្ទឹមស ក្រោមលក្ខខណ្ឌផ្ទះកញ្ចក់) |
| 260 ## - PUBLICATION, DISTRIBUTION, ETC. (IMPRINT) |
| Place of publication |
phnom penh |
| Name of publisher |
RUA |
| Year of publication |
2012 |
| 300 ## - PHYSICAL DESCRIPTION |
| Number of Pages |
xi, 54p. |
| Dimensions |
ill. |
| 856 ## - ELECTRONIC LOCATION AND ACCESS |
| Uniform Resource Identifier |
https://drive.google.com/file/d/1pvY8eGopfa6vt9CZrLJXYL6nAoeTp6S7/view?usp=sharing |
| 942 ## - ADDED ENTRY ELEMENTS (KOHA) |
| Koha item type |
AGR |
| 952 ## - LOCATION AND ITEM INFORMATION (KOHA) |
| Withdrawn status [LOCAL, KOHA] |
0 |
| 952 ## - LOCATION AND ITEM INFORMATION (KOHA) |
| Withdrawn status [LOCAL, KOHA] |
0 |
| 952 ## - LOCATION AND ITEM INFORMATION (KOHA) |
| Withdrawn status [LOCAL, KOHA] |
0 |